Mega Man 3 Quiz - Statistics

General Stats
  • This quiz has been taken 23 times
  • The average score is 21 of 24
Answer Stats
Answer % Correct
Gemini Man
100%
Hard Man
100%
Magnet Man
100%
Needle Man
100%
Rush Jet
100%
Shadow Man
100%
Snake Man
100%
Spark Man
100%
Top Man
100%
Gemini Laser
94%
Needle Cannon
94%
Rush Coil
94%
Rush Marine
94%
Shadow Blade
94%
Top Spin
94%
Hard Knuckle
88%
Magnet Missile
88%
Search Snake
88%
Gamma
75%
Spark Shock
75%
Yellow Devil Mk. 2
75%
Wily Machine 3
69%
Kamegoro Maker
56%
Holograph Mega Mans
44%
No matching quizzes found
Score Distribution
Percent of People with Each Score
Percentile by Number Answered
Your Score History
You have not taken this quiz